000 00778nam a22002417a 4500
005 20170124110226.0
010 _aA-046176
020 _c200.00
035 _aA-046176
037 _bCen Lib/Ret
040 _aDPL
_bEN
082 _a581.6
_bLIN
100 _aLindley, John
_940726
245 _aFlora medica :
_cby John Lindley
_ba botanical account of all the more important plants used in medicine, in different parts of the world. /
260 _aNew Delhi
_bAjay Book Service
_c1981
270 _a704, Chandni Mahal Darya Ganj
_bNew Delhi
_e110002
300 _axiii,658p.
_c22cm(Hb)
500 _aIncludes index
650 _aBotany, Medical
_940727
650 _aMedicinal plants
_9552
700 _910555
942 _2ddc
_cEN
_h581.6
_mLIN
999 _c134437
_d134437